<?xml version="1.0" encoding="UTF-8"?>
<record
    xmlns:xsi="http://www.w3.org/2001/XMLSchema-instance"
    xsi:schemaLocation="http://www.loc.gov/MARC21/slim http://www.loc.gov/standards/marcxml/schema/MARC21slim.xsd"
    xmlns="http://www.loc.gov/MARC21/slim">

  <leader>00417nam a2200145Ia 4500</leader>
  <controlfield tag="005">20241205140338.0</controlfield>
  <controlfield tag="008">231221s9999    xx            000 0 und d</controlfield>
  <datafield tag="020" ind1=" " ind2=" ">
    <subfield code="a">9780520243835</subfield>
  </datafield>
  <datafield tag="082" ind1=" " ind2=" ">
    <subfield code="a">701.15  ARN;1  R</subfield>
  </datafield>
  <datafield tag="100" ind1=" " ind2=" ">
    <subfield code="a">Arnheim, Rudolf.</subfield>
  </datafield>
  <datafield tag="245" ind1=" " ind2="0">
    <subfield code="a">Art and visual perception : a psychology of the creative eye</subfield>
  </datafield>
  <datafield tag="260" ind1=" " ind2=" ">
    <subfield code="c">1974</subfield>
    <subfield code="b">University of California Press</subfield>
    <subfield code="a">Berkeley</subfield>
  </datafield>
  <datafield tag="300" ind1=" " ind2=" ">
    <subfield code="a">x, 508</subfield>
  </datafield>
  <datafield tag="942" ind1=" " ind2=" ">
    <subfield code="c">AR</subfield>
  </datafield>
  <datafield tag="999" ind1=" " ind2=" ">
    <subfield code="c">232500</subfield>
    <subfield code="d">232500</subfield>
  </datafield>
  <datafield tag="952" ind1=" " ind2=" ">
    <subfield code="r">2024-01-26 00:00:00</subfield>
    <subfield code="l">0</subfield>
    <subfield code="o">701.15  ARN;1  R</subfield>
    <subfield code="p">AR709</subfield>
    <subfield code="W">28</subfield>
    <subfield code="v">1623.80</subfield>
    <subfield code="w">2024-01-26</subfield>
    <subfield code="y">AR</subfield>
    <subfield code="1">0</subfield>
    <subfield code="2">ddc</subfield>
    <subfield code="4">0</subfield>
    <subfield code="7">0</subfield>
    <subfield code="8">ARCH</subfield>
    <subfield code="0">0</subfield>
    <subfield code="K">BA/2016/CR/0001342</subfield>
    <subfield code="a">ML</subfield>
    <subfield code="b">ML</subfield>
    <subfield code="c">CL</subfield>
    <subfield code="d">2016-10-05</subfield>
    <subfield code="e">Allied  publ.</subfield>
    <subfield code="g">31.95</subfield>
    <subfield code="E">Design</subfield>
    <subfield code="G">USD</subfield>
    <subfield code="F">70.6</subfield>
    <subfield code="V">8.95</subfield>
    <subfield code="U">Rupees</subfield>
  </datafield>
  <datafield tag="952" ind1=" " ind2=" ">
    <subfield code="r">2024-01-26 00:00:00</subfield>
    <subfield code="l">0</subfield>
    <subfield code="o">701.15  ARN;2  R1</subfield>
    <subfield code="p">AR710</subfield>
    <subfield code="W">28</subfield>
    <subfield code="v">1623.80</subfield>
    <subfield code="w">2024-01-26</subfield>
    <subfield code="y">AR</subfield>
    <subfield code="1">0</subfield>
    <subfield code="2">ddc</subfield>
    <subfield code="4">0</subfield>
    <subfield code="7">0</subfield>
    <subfield code="8">ARCH</subfield>
    <subfield code="0">0</subfield>
    <subfield code="K">BA/2016/CR/0001342</subfield>
    <subfield code="a">ML</subfield>
    <subfield code="b">ML</subfield>
    <subfield code="c">CL</subfield>
    <subfield code="d">2016-10-05</subfield>
    <subfield code="e">Allied  publ.</subfield>
    <subfield code="g">31.95</subfield>
    <subfield code="E">Design</subfield>
    <subfield code="G">USD</subfield>
    <subfield code="F">70.6</subfield>
    <subfield code="V">8.95</subfield>
    <subfield code="U">Rupees</subfield>
  </datafield>
</record>
